LEADER 03716nam 22006971 450 001 9910779013903321 005 20150225142354.0 010 $a0-567-66082-6 010 $a1-280-57907-2 010 $a9786613608833 010 $a0-567-07369-6 024 7 $a10.5040/9780567660824 035 $a(CKB)2550000000101280 035 $a(EBL)918772 035 $a(OCoLC)793996919 035 $a(SSID)ssj0000662944 035 $a(PQKBManifestationID)11400558 035 $a(PQKBTitleCode)TC0000662944 035 $a(PQKBWorkID)10722725 035 $a(PQKB)10688849 035 $a(MiAaPQ)EBC918772 035 $a(Au-PeEL)EBL918772 035 $a(CaPaEBR)ebr10562635 035 $a(CaONFJC)MIL360883 035 $a(OCoLC)825764135 035 $a(UtOrBLW)bpp09258328 035 $a(EXLCZ)992550000000101280 100 $a20150227d2012 uy 0 101 0 $aeng 135 $aur|n|---||||| 181 $ctxt 182 $cc 183 $acr 200 10$aIs Paul also among the prophets? $ean examination of the relationship between Paul and the old testament prophetic tradition in 2 Corinthians /$fJeffrey W. Aernie 210 1$aLondon ;$aNew York :$cT & T Clark,$d2012. 215 $a1 online resource (313 p.) 225 1 $aLibrary of New Testament studies ;$v467 225 1 $aT & T Clark library of biblical studies 300 $aDescription based upon print version of record. 311 $a0-567-03207-8 311 $a0-567-17572-3 320 $aIncludes bibliographical references and index. 327 $aIntroduction -- Chapter 1: The Development of the Prophetic Tradition -- Chapter 2: The Prophetic Tradition in 1 Corinthians -- Chapter 3: Paul's Prophetic Self-Presentation in 2 Corinthians -- Chapter 4: Paul's Prophetic Rhetoric in 2 Corinthians -- Conclusion. 330 $a"Aernie examines the prophetic material in the Old Testament and its relationship with the prophetic material in Second Temple Judaism, Hellenism, and the early Christian movement. The subsequent analysis of 1 Corinthians constitutes an investigation of the effect of the Old Testament prophetic tradition on Paul's self-presentation in 1 Cor 9.15-18 and rhetorical framework in 1 Cor 14.20-25 as a methodological foundation for the exegetical analysis of 2 Corinthians. Aernie explores the influence of the Old Testament prophetic tradition on Paul's apostolic self-presentation and rhetoric in 2 Corinthians. The analysis of Paul's self-presentation examines the apostle's relationship with Moses, the Isaianic servant, and Jeremiah in order to define Paul's position with regard to the preceding prophetic tradition. Aernie analyses Paul's argument in 2 Cor 2.14-16; 4.1-6; 6.14-7.1; 12.1-10 then seeks to examine the influence of the Old Testament prophetic tradition on the formation of Paul's rhetorical framework. Aernie's intention is to provide support for the notion that the particularly prophetic nature of Paul's apostolic persona affects both his self-presentation and rhetorical agenda in 2 Corinthians."--Bloomsbury Publishing. 410 0$aLibrary of New Testament studies ;$v467. 410 0$aT & T Clark library of biblical studies. 606 $aProphecy$xChristianity 606 $aProphecy$xJudaism 606 $aProphets in the New Testament 606 $2Biblical studies & exegesis 615 0$aProphecy$xChristianity. 615 0$aProphecy$xJudaism. 615 0$aProphets in the New Testament. 676 $a227.206 700 $aAernie$b Jeffrey W.$01567338 801 0$bUtOrBLW 801 1$bUtOrBLW 906 $aBOOK 912 $a9910779013903321 996 $aIs Paul also among the prophets$93838707 997 $aUNINA LEADER 05231nam 22005773u 450 001 9910789893303321 005 20230725032401.0 010 $a1-299-25265-6 010 $a1-118-24177-0 035 $a(CKB)2670000000133004 035 $a(EBL)818213 035 $a(OCoLC)769342394 035 $a(MiAaPQ)EBC818213 035 $a(EXLCZ)992670000000133004 100 $a20130418d2011|||| u|| | 101 0 $aeng 135 $aur|n|---||||| 200 10$aAARP Reverse Mortgages and Linked Securities$b[electronic resource] $eThe Complete Guide to Risk, Pricing, and Regulation 210 $aHoboken $cWiley$d2011 215 $a1 online resource (213 p.) 225 1 $aWiley Finance 300 $aDescription based upon print version of record. 311 $a1-118-24170-3 327 $aReverse Mortgages and Linked Securities: The Complete Guide to Risk, Pricing, and Regulation; Contents; Preface; REVERSE EQUITY TRANSACTIONS; NOTE; Acknowledgments; Part I: Reverse Mortgage Basics; Chapter 1: Reverse Mortgage Primer; LOAN DISBURSEMENTS; OVERVIEW OF LENDER CHALLENGES; SUMMARY; Chapter 2: The History of Reverse Mortgages: An Insider's View; FORMATIVE YEARS; PRIVATE PROGRAMS; FIRST LIFETIME REVERSE MORTGAGES; FANNIE MAE STAKES A CLAIM TO THE MARKETPLACE; ROOTS OF THE SECURITIZATION OF REVERSE MORTGAGES; SUMMARY; NOTES; Chapter 3: HECM Explained 327 $aLEGISLATIVE HISTORY AND PROGRAM FUNDAMENTALSDISBURSING FUNDS AND CALCULATING LOANS AND INTEREST; CHANGES TO THE PROGRAM FOLLOWING THE 2008 ACT; CONSUMER-FOCUSED ELEMENTS OF THE PROGRAM; SUMMARY; NOTES; Part II: Underwriting and Risk Analysis; Chapter 4: Underwriting Reverse Mortgages; UNDERWRITING LIFE EXPECTANCY; LIFE SETTLEMENT VERSUS REVERSE MORTGAGE UNDERWRITING; SIMPLICITY OF THE CURRENT REVERSE MORTGAGE UNDERWRITING PROCESS; WHY DOES UNDERWRITING MATTER?; PROPOSED ELEMENTS OF REVERSE MORTGAGE UNDERWRITING; SUMMARY; Chapter 5: Risk Mitigation from Existing and Proposed Financial Products 327 $aREVERSE MORTGAGE RISKSAGENCY VERSUS NONCONFORMING LOANS; SUMMARY; NOTES; Chapter 6: Longevity Risk and Fair Value Accounting; LONGEVITY COST CALCULATOR AS A LOAN UNDERWRITING AND PRICING TOOL; REVERSE MORTGAGE LOAN PRICING USING THE LONGEVITY COST CALCULATOR; EXISTING ACCOUNTING FRAMEWORK; SUGGESTED GAAP-COMPLIANT METHODOLOGY TO STANDARDIZE LIFE SETTLEMENT UNDERWRITING; SUMMARY; NOTES; Chapter 7: Risk Mitigation; HEDGING CROSSOVER COMPONENTS IN THE CAPITAL MARKETS; INSURANCE SOLUTIONS; SUMMARY; NOTE; Chapter 8: Criteria for Rating U.K. Reverse Mortgage-Backed Securities 327 $aOVERVIEW OF REVERSE (EQUITY RELEASE) MORTGAGESREVERSE MORTGAGE-BACKED SECURITIZATION; MORTALITY ASSUMPTIONS; PREPAYMENT ASSUMPTIONS; HOUSE PRICE INCREASE ASSUMPTIONS; COSTS AND SALE PERIOD; SUMMARY; Part III: Tax Treatment; Chapter 9: U.S. Federal Income Tax Aspects of Reverse Mortgages; WHAT IS A REVERSE MORTGAGE?; DEDUCTIBILITY OF INTEREST PAYMENTS ON REVERSE MORTGAGES; SECURITIZATION OF REVERSE MORTGAGE LOANS VIA REMIC STRUCTURES; PRACTICAL OBSERVATIONS REGARDING INVESTMENT REVERSE MORTGAGE REMIC SECURITIES; SUMMARY; NOTES; Part IV: Reverse Mortgages in Context 327 $aChapter 10: Unlocking Housing Equity in JapanIMPLEMENTATION IN THE JAPANESE CONTEXT; FEASIBILITY OF REVERSE MORTGAGES IN JAPAN; SUMMARY; NOTES; Chapter 11: The Secondary Market in Home Equity Conversion Mortgages; THE REVERSE MORTGAGE TO LIQUIDATE HOME EQUITY; HECM: A FINANCIAL INNOVATION; CASH FLOWS, RISK, AND UNCERTAINTY; THE SECONDARY MARKET FOR HECM; HECM SECURITIZATION; LONGEVITY RISK EMBEDDED IN HECM; THE CONSTRAINTS OF THE UNDERLYING ASSET; CONCLUDING REMARKS; SUMMARY; Appendix A: Housing Wealth Among the Elderly; WEALTH IN HOUSING; OWNER-OCCUPANCY RATES; HOW RISKY IS HOUSING WEALTH? 327 $aDO THE ELDERLY DECUMULATE THEIR HOUSING WEALTH? 330 $aAARP Digital Editions offer you practical tips, proven solutions, and expert guidance. Reverse Mortgages and Linked Securities is a contributed title comprising many of the leading minds in the Home Equity Conversion Mortgages (HECM) industry, including reverse mortgage lenders, institutional investors, underwriters, attorneys, and regulators. This book begins with a brief history of reverse mortgages, and quickly moves on to discuss how the industry has evolved-detailing the players in these markets as well as the process. It discusses the securitization of reverse mortgages 410 0$aWiley Finance 517 $aWiley Finance Ser. 517 $aReverse Mortgages 517 $aWiley Finance, 752 517 $aWiley Finance 517 $aAARP Reverse Mortgages and Linked Securities : The Complete Guide to Risk, Pricing, and Regulation 517 $aAARP 606 $aMortgage loans, Reverse -- United States 606 $aMortgage loans, Reverse 615 4$aMortgage loans, Reverse -- United States. 615 4$aMortgage loans, Reverse. 676 $a332.7/22 676 $a332.722 700 $aBhuyan$b Vishaal B$01584722 801 0$bAU-PeEL 801 1$bAU-PeEL 801 2$bAU-PeEL 906 $aBOOK 912 $a9910789893303321 996 $aAARP Reverse Mortgages and Linked Securities$93868675 997 $aUNINA